01394nam a2200241Ia 4500001000600000003000900006008004100015040001300056040001300069041001300082100001900095100002900114245001800143245001800161250001100179260001000190260001300200260004900213300005700262500077700319650002501096650003101121B6931IT-RoPAU130308s9999 xx 000 0 und d aIT-RoPAU cIT-RoPAU aFRANCESE aHamon Philippe gCodice Aut. SPICS: 5622 aDu descriptif bDu Descriptif a1a ed. aPARIS bHachette c1993 [1° Ed.:1993 - Ed.Ling.Originale:1993] a"248 p. (prefazione: no ; testo: 248 [pagine: 0-0])" aElementi per una Storia dell'idea di Descrizione. Competenza Descrittiva Enarrativa. Descrittivo e Sapere. Descrittivo e Tassonomia. Esplicazione Descrittiva. Segnali del Descrittivo. Descrittivo e Metalinguaggio. Enunciatodescrittivo e Sua Costruzione Teorica: Tipologia e livelli di Descrizione,Descrittivo ed Effetto Personaggio, Descrittivo e Modalizzazione. Tipologia del Descrittivo: Descrittivo ed Effetti di Leggibilità. Sistema Configurativo della Descrizione: Sguardo Descrittore, Chiacchierone Descrittore, Lavoratore Descrittore, Demarcativo e Sua Stilistica, configurazione Descrittiva e Ideologia. Studio di un topos Descrittivo: tre Esempi da tre Opere: Ventimila leghe sotto I mari di Verne, la Bete Humaine di Zola, le signe di Maupassant. Bibliografia. aSAGGI DI LINGUISTICA eCodice materia Spics: 3207